000 01055nam a2200301 4500
001 34954
003 BD-RjUL
005 20211209052234.0
008 140520r19731942nyu bs 001 0 eng
020 _a0846217058
035 _a(BD-RjUL)35048
040 _aDLC
_cDLC
_dDLC
_dBD-RjUL
_beng
041 _aeng
082 0 0 _a305.509746
_bMCE 1973
100 1 _aMcConnell, John Wilkinson,
_d1907-
_9106401
245 1 4 _aThe evolution of the social classes /
_cby John W. McConnell.
260 _aNew York :
_bRussell & Russell,
_c1973.
300 _ax, 228 p. ;
_c23 cm.
500 _aReprint of the 1942 ed. published by American Council on Public Affairs, Washington.
500 _aBased on the author's thesis, Yale, 1937.
504 _aIncludes bibliographical references.and index.
650 0 _aSocial classes
_zConnecticut
_zNew Haven.
_9106402
650 0 _aWorking class
_zConnecticut
_zNew Haven.
_9106403
651 0 _aNew Haven (Conn.)
_xSocial conditions.
_9106404
942 _2ddc
_cBK
999 _c34954
_d34954